| 000 | 02107cam a2200493 c 4500 | ||
|---|---|---|---|
| 001 | 1869054652 | ||
| 003 | DE-627 | ||
| 005 | 20251227123448.0 | ||
| 007 | tu | ||
| 008 | 231102s2024 gw ||||| 6 00| ||ger c | ||
| 015 |
_a23,N44 _2dnb |
||
| 016 | 7 |
_a1307405991 _2DE-101 |
|
| 020 |
_a9783551739896 _c : Broschur : EUR 12.00 (DE), EUR 12.40 (AT), CHF 17.90 (freier Preis) |
||
| 020 | _a3551739897 | ||
| 024 | 3 | _a9783551739896 | |
| 035 | _a(DE-627)1869054652 | ||
| 035 | _a(DE-599)DNB1307405991 | ||
| 035 | _a(OCoLC)1450354064 | ||
| 040 |
_aDE-627 _bger _cDE-627 _erda |
||
| 041 |
_ager _hjpn |
||
| 044 | _cXA-DE-HH | ||
| 082 | 0 | 4 |
_a741.5 _qDE-101 |
| 100 | 1 |
_aHorikoshi, Kōhei _d1986- _eVerfasserIn _eKünstlerIn _0(DE-588)113068962X _0(DE-627)884892603 _0(DE-576)486926397 _4aut _4art |
|
| 240 | 1 | 0 | _aBoku no Hero Academia the Movie: Futari no Hero |
| 245 | 1 | 0 |
_aMy Hero Academia - the movie 1 _btwo heroes _cOriginal: Kohei Horikoshi ; Drehbuch: Yosuke Kuroda ; aus dem Japanischen von Anke Bockel |
| 250 | _a1. Aufl. | ||
| 264 | 1 |
_aHamburg _bCarlsen Manga! _c24 |
|
| 300 |
_a346 Seiten _c17.5 cm x 11.5 cm |
||
| 336 |
_aunbewegtes Bild _bsti _2rdacontent |
||
| 336 |
_aText _btxt _2rdacontent |
||
| 337 |
_aohne Hilfsmittel zu benutzen _bn _2rdamedia |
||
| 338 |
_aBand _bnc _2rdacarrier |
||
| 490 | 0 | _aAction | |
| 490 | 0 | _aAnime Comics | |
| 583 | 1 |
_aArchivierung/Langzeitarchivierung gewährleistet _c2024 _fPEHH _2pdager _5DE-18 |
|
| 655 | 7 |
_aComic _0(DE-588)4010427-8 _0(DE-627)104377402 _0(DE-576)208887989 _2gnd-content |
|
| 700 | 1 |
_aKuroda, Yosuke _eMitwirkendeR _4ctb |
|
| 700 | 1 |
_aBockel, Antje _eÜbersetzerIn _0(DE-588)1025682602 _0(DE-627)724452826 _0(DE-576)370626141 _4trl |
|
| 710 | 2 |
_aCarlsen Verlag _eVerlag _0(DE-588)2036434-9 _0(DE-627)10257796X _0(DE-576)191872857 _4pbl |
|
| 856 | 4 | 2 |
_uhttp://deposit.dnb.de/cgi-bin/dokserv?id=4e4060e938bc4c49b1416587b5f28879&prov=M&dok_var=1&dok_ext=htm _mX:MVB _qtext/html _3Inhaltstext _71 |
| 856 | 4 | 2 |
_uhttps://d-nb.info/1307405991/04 _mB:DE-101 _qapplication/pdf _3Inhaltsverzeichnis _71 |
| 942 |
_2ddc _cMGA _n0 |
||
| 951 | _aBO | ||
| 999 |
_c1451 _d1451 |
||